Basic electrical engineering / (Record no. 183730)

000 -LEADER
fixed length control field 00886 a2200205 4500
003 - CONTROL NUMBER IDENTIFIER
control field Nust
005 - DATE AND TIME OF LATEST TRANSACTION
control field 20241003160247.0
020 ## - INTERNATIONAL STANDARD BOOK NUMBER
International Standard Book Number 0070435898
040 ## - CATALOGING SOURCE
Transcribing agency Nust
082 00 - DEWEY DECIMAL CLASSIFICATION NUMBER
Classification number 621.3,KOT
100 1# - MAIN ENTRY--PERSONAL NAME
Personal name Kothari, D. P.
9 (RLIN) 74459
245 10 - TITLE STATEMENT
Title Basic electrical engineering /
Statement of responsibility, etc. D. P. Kothari and I. J. Nagrath
246 3# - VARYING FORM OF TITLE
Title proper/short title Electrical engineering
250 ## - EDITION STATEMENT
Edition statement 2nd ed.
260 ## - PUBLICATION, DISTRIBUTION, ETC.
Place of publication, distribution, etc. New Delhi
Name of publisher, distributor, etc. McGraw Hill,
Date of publication, distribution, etc. 2002
300 ## - PHYSICAL DESCRIPTION
Extent xvi, 667p.:
505 ## - FORMATTED CONTENTS NOTE
Formatted contents note Elementary Concepts and Definitions (Page-1), Fundamentals a of Resistive Circuits (Page-34), Transformers (Page-303), EMF and Toque in Electrical Machines (Page-343), DC Machines (Page-384), Ac Machines (Page-426), Fractional – KW Motors (Page-481), Measurement Techniques and Electric and Electronic Instrumentations (Page-492), Electric Energy (Page-556).
650 #0 - SUBJECT ADDED ENTRY--TOPICAL TERM
Topical term or geographic name entry element Basic electrical engineering
9 (RLIN) 62625
942 ## - ADDED ENTRY ELEMENTS (KOHA)
Source of classification or shelving scheme
Koha item type Book
Holdings
Withdrawn status Lost status Source of classification or shelving scheme Damaged status Not for loan Permanent Location Current Location Shelving location Date acquired Full call number Barcode Date last seen Price effective from Koha item type Public note
          Military College of Signals (MCS) Military College of Signals (MCS) General Stacks 12/12/2016 621.3,KOT MCS30344 12/08/2016 12/12/2016 Book Almirah No.28, Shelf No.3
© 2023 Central Library, National University of Sciences and Technology. All Rights Reserved.